| 000 | 00544nam a22001937a 4500 | ||
|---|---|---|---|
| 003 | OSt | ||
| 005 | 20251117135821.0 | ||
| 008 | 251117b |||||||| |||| 00| 0 eng d | ||
| 020 | _a9780176502294 | ||
| 020 | _a0176502297 | ||
| 040 |
_aDLC _beng _cDLC _dRU _erda |
||
| 050 |
_aQH308 _b.B57 2010 |
||
| 100 |
_aRussell, Peter J. _eAuthor |
||
| 245 |
_aBiology: _bExploring the Diversity of Life |
||
| 250 |
_a1st Canadian Edition _bVol.1 |
||
| 260 |
_aCanada _bNelson Education Ltd _c2010 |
||
| 300 |
_axxi,371pages _bill; [col] |
||
| 942 |
_2lcc _cBK |
||
| 999 |
_c265238 _d265237 |
||